[Event "Wch U14"]
[Site "Montesilvano"]
[Date "2023.11.13"]
[Round "1"]
[White "Lissillour, Baptiste"]
[Black "Skytte, Robert"]
[Result "1-0"]
[WhiteElo "2298"]
[BlackElo "1725"]
[PlyCount "45"]
[EventDate "2023.11.13"]
[EventType "swiss"]
[EventRounds "11"]
[EventCountry "ITA"]
[SourceTitle "CB48_2023"]
[SourceDate "2023.11.29"]
[SourceVersion "1"]
[SourceVersionDate "2023.11.29"]
[SourceQuality "1"]

1. e4 c6 2. Nf3 d5 3. Nc3 dxe4 4. Nxe4 Nf6 5. Qe2 Nxe4 6. Qxe4 Nd7 7. d4 Nf6 8. Qf4 e6 9. Bd3 Be7 10. Qg3 h5 11. 0-0 Bd6 12. Qxg7 Rg8 13. Qh6 Ng4 14. Qxh5 Nf6 15. Qh4 Rg4 16. Qh6 Bf8 17. Qd2 Qd5 18. Qe2 Bd6 19. h3 Rg8 20. c4 Qh5 21. Kh1 Rxg2 22. Kxg2 e5 23. Ng5 1-0

[Event "EU-ch U14 31st"]
[Site "Mamaia"]
[Date "2023.09.05"]
[Round "1"]
[White "Pilchuk, Artem"]
[Black "Lissillour, Baptiste"]
[Result "1-0"]
[WhiteElo "1718"]
[BlackElo "2239"]
[PlyCount "81"]
[EventDate "2023.09.05"]
[EventType "swiss"]
[EventRounds "9"]
[EventCountry "ROU"]
[SourceTitle "EXT 2024"]
[Source "ChessBase"]
[SourceDate "2023.10.10"]
[SourceVersion "1"]
[SourceVersionDate "2023.10.10"]
[SourceQuality "1"]

1. e4 e5 2. d4 exd4 3. Qxd4 Nc6 4. Qd3 Nf6 5. Nc3 Bb4 6. Bd2 0-0 7. 0-0-0 Re8 8. Nge2 h6 9. f3 d6 10. Nf4 a5 11. Ncd5 Nxd5 12. Nxd5 Ne5 13. Qe2 Be6 14. Be3 Nd7 15. a3 Bc5 16. g4 Bxd5 17. Rxd5 Qe7 18. g5 Bxe3+ 19. Qxe3 c6 20. Rf5 h5 21. g6 fxg6 22. Rg5 Kh7 23. Rhg1 Ne5 24. h3 Qf6 25. f4 Nf7 26. Rxg6 Qxg6 27. Rxg6 Kxg6 28. Qg3+ Kh6 29. Bd3 Re6 30. e5 dxe5 31. Bc4 Re7 32. f5 g5 33. fxg6 Nh8 34. g7 Rxg7 35. Qe3+ Kh7 36. Bd3+ Kg8 37. Qxe5 h4 38. Qh5 Nf7 39. b3 a4 40. b4 Re8 41. Bc4 1-0

[Event "FRA-ch U12/16"]
[Site "Agen"]
[Date "2023.04.28"]
[Round "7"]
[White "Zienkiewicz, Jan"]
[Black "Lissillour, Baptiste"]
[Result "1-0"]
[WhiteElo "2203"]
[BlackElo "2140"]
[PlyCount "149"]
[EventDate "2023.04.23"]
[EventType "swiss"]
[EventRounds "9"]
[EventCountry "FRA"]
[SourceTitle "CBM 214 Extra"]
[Source "ChessBase"]
[SourceDate "2023.07.31"]
[SourceVersion "1"]
[SourceVersionDate "2023.07.31"]
[SourceQuality "1"]

1. e4 c6 2. d4 d5 3. e5 Bf5 4. c4 e6 5. Nc3 Ne7 6. h3 Nd7 7. Nf3 h6 8. b3 Be4 9. Nxe4 dxe4 10. Nd2 Nf5 11. Nxe4 Bb4+ 12. Bd2 Qa5 13. Nd6+ Nxd6 14. exd6 c5 15. a3 Bxd2+ 16. Qxd2 Qxd2+ 17. Kxd2 cxd4 18. Bd3 Nc5 19. Kc2 Rd8 20. b4 Nxd3 21. Kxd3 Rxd6 22. Rhe1 Ke7 23. f4 g5 24. f5 Kf6 25. fxe6 fxe6 26. Rf1+ Ke7 27. Rae1 a5 28. bxa5 Rf8 29. Rxf8 Kxf8 30. Re4 Ke7 31. Rxd4 Ra6 32. Kc3 Rxa5 33. Kb4 b6 34. g4 Re5 35. a4 Ra5 36. Re4 Kd6 37. Re3 Rc5 38. Re1 Ra5 39. Rf1 Ke7 40. Rb1 Kd6 41. Re1 Rc5 42. Rf1 Ke7 43. Kc3 Ra5 44. Kb4 Re5 45. Rf3 Ra5 46. Ka3 Rc5 47. Rb3 Rc6 48. Rb5 Kd6 49. Kb4 Ke7 50. Kc3 Kf6 51. a5 bxa5 52. Rxa5 Rc8 53. c5 Ke5 54. Kc4 Ke4 55. Ra6 Ke5 56. Rb6 Rd8 57. Rb3 Kf4 58. c6 e5 59. Kc5 e4 60. c7 Rc8 61. Kd6 e3 62. Kd7 Rxc7+ 63. Kxc7 e2 64. Rb1 Kg3 65. Kd6 Kxh3 66. Ke5 Kxg4 67. Ke4 Kg3 68. Ke3 g4 69. Kxe2 Kh2 70. Rb6 h5 71. Rh6 g3 72. Rxh5+ Kg1 73. Kf3 g2 74. Rg5 Kh1 75. Kf2 1-0

[Event "FRA-ch U14"]
[Site "Agen"]
[Date "2022.04.19"]
[Round "4"]
[White "Lissillour, Baptiste"]
[Black "Gachon, Alban"]
[Result "1-0"]
[WhiteElo "1891"]
[BlackElo "1682"]
[PlyCount "93"]
[EventDate "2022.04.16"]
[EventType "swiss"]
[EventRounds "9"]
[EventCountry "FRA"]
[SourceTitle "EXT 2023"]
[Source "ChessBase"]
[SourceDate "2022.10.05"]
[SourceVersion "1"]
[SourceVersionDate "2022.10.05"]
[SourceQuality "1"]

1. e4 e5 2. Nf3 Nc6 3. d4 exd4 4. Bc4 Nf6 5. e5 d5 6. Bb5 Ne4 7. Nxd4 Bc5 8. Be3 Bd7 9. Bxc6 bxc6 10. 0-0 0-0 11. Nd2 Nxd2 12. Qxd2 Bb6 13. Nb3 Re8 14. Qc3 f6 15. exf6 Qxf6 16. Qxf6 gxf6 17. Rac1 Rxe3 18. fxe3 Bxe3+ 19. Kh1 Bxc1 20. Rxc1 Re8 21. Kg1 Kf7 22. Kf2 Ke7 23. c4 Kd6 24. c5+ Ke5 25. Re1+ Kf4 26. g3+ Kg4 27. Rxe8 Bxe8 28. Kg2 Bd7 29. h3+ Kg5 30. Nd4 h5 31. h4+ Kg4 32. b4 f5 33. Nf3 f4 34. Ne5+ Kf5 35. Nxd7 fxg3 36. Kxg3 Ke6 37. Nf8+ Ke5 38. Ng6+ Ke4 39. Nf4 d4 40. Nxh5 Ke3 41. Nf4 d3 42. Nxd3 Kxd3 43. h5 Kc4 44. h6 Kxb4 45. h7 Kxc5 46. h8Q Kb4 47. Qb2+ 1-0

[Event "Europe Echecs Blitz May op"]
[Site "Europe Echecs INT"]
[Date "2021.05.09"]
[Round "5"]
[White "Fischer, Julie"]
[Black "Lissillour, Baptiste"]
[Result "1-0"]
[WhiteElo "2071"]
[BlackElo "1771"]
[PlyCount "113"]
[EventDate "2021.05.09"]
[EventType "swiss (blitz)"]
[EventRounds "11"]
[EventCountry "FRA"]
[SourceTitle "CBM 202 Extra"]
[Source "ChessBase"]
[SourceDate "2021.07.31"]
[SourceVersion "1"]
[SourceVersionDate "2021.07.31"]
[SourceQuality "1"]

1. e4 e5 2. Nf3 Nc6 3. d4 exd4 4. Nxd4 Nf6 5. Nxc6 bxc6 6. Bd3 Bc5 7. 0-0 d5 8. e5 Ng4 9. Bf4 g5 10. Bg3 h5 11. Be2 Be6 12. h3 h4 13. Bxg4 hxg3 14. Bxe6 fxe6 15. Qg4 Bxf2+ 16. Kh1 Qe7 17. Nd2 Rh4 18. Qe2 Qh7 19. Rxf2 gxf2 20. Qxf2 0-0-0 21. Nf3 Rf4 22. Qxa7 g4 23. Ng1 Qe4 24. a4 g3 25. Ra3 Qg6 26. Qe3 Rdf8 27. Qxg3 Qxg3 28. Rxg3 Rxa4 29. Rf3 Rxf3 30. Nxf3 Ra2 31. h4 Rxb2 32. h5 Kd7 33. Kh2 Rxc2 34. h6 Rb2 35. Kh3 Ke7 36. Nd4 c5 37. h7 cxd4 38. h8Q Kd7 39. Qh7+ Kc6 40. Qd3 Kc5 41. Qa3+ Rb4 42. Qa5+ Kc4 43. Qxc7+ Kd3 44. g4 Rc4 45. Qb6 Ke4 46. g5 d3 47. Qf2 Rc2 48. Qh4+ Kxe5 49. Qg3+ Kf5 50. Qxd3+ Kxg5 51. Qxc2 Kf4 52. Kg2 e5 53. Kf2 e4 54. Qd2+ Ke5 55. Ke3 d4+ 56. Qxd4+ Kf5 57. Qxe4+ 1-0

[Event "Europe Echecs Blitz May op"]
[Site "Europe Echecs INT"]
[Date "2021.05.09"]
[Round "4"]
[White "Lissillour, Baptiste"]
[Black "Djidjeli, Sarah"]
[Result "1/2-1/2"]
[WhiteElo "1771"]
[BlackElo "2119"]
[PlyCount "211"]
[EventDate "2021.05.09"]
[EventType "swiss (blitz)"]
[EventRounds "11"]
[EventCountry "FRA"]
[SourceTitle "CBM 202 Extra"]
[Source "ChessBase"]
[SourceDate "2021.07.31"]
[SourceVersion "1"]
[SourceVersionDate "2021.07.31"]
[SourceQuality "1"]

1. e4 c5 2. Nf3 Nc6 3. d4 cxd4 4. Nxd4 e5 5. Nb5 d6 6. c4 Be7 7. Bd3 Be6 8. N1c3 a6 9. Na3 Nf6 10. 0-0 0-0 11. b3 Nd7 12. Nc2 Nc5 13. Bb2 Rc8 14. Ne3 Bg5 15. Ned5 Nd4 16. b4 Nxd3 17. Qxd3 f5 18. f3 f4 19. a4 Bh4 20. Kh1 Bg3 21. h3 Qh4 22. Qd2 Nb3 23. Qe2 Nxa1 24. Rxa1 Qd8 25. a5 Qe8 26. Nb6 Rc6 27. Ncd5 Bh4 28. Ba3 Bxd5 29. Nxd5 Bd8 30. b5 axb5 31. cxb5 Rc8 32. Bxd6 Rf7 33. a6 bxa6 34. bxa6 Ra7 35. Qb2 Rca8 36. Bxe5 Qf7 37. Qa2 Rxa6 38. Qxa6 Rxa6 39. Rxa6 Qb7 40. Ra1 Bh4 41. Bxf4 Qb2 42. Rf1 Bd8 43. Ne3 Qe2 44. Kh2 Bb6 45. Rc1 Bxe3 46. Rc8+ Kf7 47. Rc7+ Ke6 48. Rc6+ Ke7 49. Rc7+ Kd8 50. Bxe3 Qxe3 51. Rxg7 Qf4+ 52. Kh1 h5 53. Rb7 Kc8 54. Rb1 Qg3 55. Rf1 Kd7 56. f4 Ke6 57. Rf3 Qe1+ 58. Kh2 Qxe4 59. h4 Kf5 60. Kg3 Qe1+ 61. Kh3 Qe2 62. Kg3 Qa2 63. Kh3 Qe6 64. Kg3 Qg6+ 65. Kh3 Qg4+ 66. Kh2 Qxh4+ 67. Kg1 Qe1+ 68. Kh2 Kg4 69. f5 Qe5+ 70. Kg1 Qf6 71. Kh2 h4 72. Kg1 Kg5 73. Kh2 Qd6+ 74. Kg1 Kf6 75. Kh1 Qe5 76. Kg1 Qe4 77. Kh2 Qg4 78. Kg1 Qg5 79. Kh2 Qc1 80. Rf2 Qe1 81. Rf3 Qc1 82. Rf2 Qd1 83. Rf3 Qe1 84. Rh3 Kxf5 85. Rf3+ Kg4 86. Rh3 Qe5+ 87. Kh1 Qe4 88. Rf3 Qe1+ 89. Kh2 Qd1 90. Rh3 Qd6+ 91. Kh1 Qf4 92. Rf3 Qc1+ 93. Kh2 Qc7+ 94. Kh1 Qb7 95. Kh2 Kg5 96. Kh1 Qc7 97. Rh3 Qd6 98. Rf3 Qd1+ 99. Kh2 Kh5 100. Rh3 Kg4 101. Rf3 Qe2 102. Rh3 Qc4 103. Rf3 Qc7+ 104. Kh1 Qd6 105. Rh3 Qc7 106. Rf3 1/2-1/2

[Event "Cappelle Online Blitz op"]
[Site "Europe Echecs INT"]
[Date "2021.03.07"]
[Round "6"]
[White "Dubuisson, Samuel"]
[Black "Lissillour, Baptiste"]
[Result "1-0"]
[WhiteElo "2044"]
[BlackElo "1771"]
[PlyCount "83"]
[EventDate "2021.03.07"]
[EventType "swiss (blitz)"]
[EventRounds "11"]
[EventCountry "FRA"]
[SourceTitle "CBM 201 Extra"]
[Source "ChessBase"]
[SourceDate "2021.05.31"]
[SourceVersion "1"]
[SourceVersionDate "2021.05.31"]
[SourceQuality "1"]

1. b3 d5 2. Bb2 Bg4 3. h3 Bh5 4. g4 Bg6 5. Bg2 e6 6. d3 Nf6 7. Nd2 Bd6 8. Ngf3 Nbd7 9. 0-0 c5 10. Re1 0-0 11. e4 dxe4 12. dxe4 Bc7 13. Nh4 Qe7 14. Nxg6 hxg6 15. a4 Rfd8 16. Qe2 Ne5 17. f4 Nc6 18. e5 Nd5 19. Qe4 Nd4 20. Nc4 f5 21. exf6 Nxf6 22. Qxb7 Nxc2 23. f5 gxf5 24. gxf5 Nxe1 25. Rxe1 Rab8 26. Qc6 Qd7 27. fxe6 Qxc6 28. Bxc6 Rxb3 29. e7 Rg3+ 30. Kf2 Re8 31. Bxe8 Nxe8 32. Ne5 Rb3 33. Ba1 Bb6 34. Kg2 Bc7 35. Nc6 Rg3+ 36. Kf2 Rxh3 37. Be5 Bxe5 38. Rxe5 Rc3 39. Rf5 Nf6 40. Rxf6 Rc2+ 41. Ke1 Rc1+ 42. Kd2 1-0

[Event "Cappelle Online Blitz op"]
[Site "Europe Echecs INT"]
[Date "2021.03.07"]
[Round "1"]
[White "Flom, Gabriel"]
[Black "Lissillour, Baptiste"]
[Result "1-0"]
[WhiteElo "2474"]
[BlackElo "1771"]
[PlyCount "169"]
[EventDate "2021.03.07"]
[EventType "swiss (blitz)"]
[EventRounds "11"]
[EventCountry "FRA"]
[SourceTitle "CBM 201 Extra"]
[Source "ChessBase"]
[SourceDate "2021.05.31"]
[SourceVersion "1"]
[SourceVersionDate "2021.05.31"]
[SourceQuality "1"]

1. d4 Nf6 2. c4 e6 3. Nc3 Bb4 4. g3 0-0 5. Bg2 d5 6. Nf3 b6 7. 0-0 Bb7 8. cxd5 exd5 9. Qb3 a5 10. Bg5 Bxc3 11. bxc3 Nbd7 12. c4 a4 13. Qc2 h6 14. Bxf6 Nxf6 15. Ne5 Re8 16. cxd5 Nxd5 17. e3 c5 18. Qf5 Qe7 19. Qd7 Rad8 20. Qxa4 f6 21. Nf3 Nc3 22. Qb3+ Nd5 23. dxc5 bxc5 24. Nh4 Kh7 25. Qb1+ Kg8 26. Qb3 Kh7 27. Rfd1 Nb4 28. a3 Bxg2 29. Nxg2 Nc6 30. Rxd8 Rxd8 31. Rd1 Ne5 32. Qc2+ g6 33. Nf4 Rxd1+ 34. Qxd1 Qb7 35. Qd5 Qxd5 36. Nxd5 Nc4 37. Nxf6+ Kg7 38. Ne4 Nxa3 39. Nxc5 Nc4 40. Kg2 Nd6 41. e4 g5 42. f4 Nc4 43. Kf3 Kf6 44. h4 Nd2+ 45. Kg4 gxh4 46. Kxh4 Nf3+ 47. Kg4 Nd2 48. e5+ Kg7 49. f5 Nc4 50. Kf4 Nb6 51. Ke4 Nc4 52. Ne6+ Kf7 53. Nf4 Nd2+ 54. Kd5 Nf1 55. Nh5 Ne3+ 56. Ke4 Ng4 57. Kf4 Nf2 58. g4 Nd3+ 59. Ke4 Nf2+ 60. Kf3 Nd3 61. e6+ Ke7 62. Nf4 Ne5+ 63. Kg3 Kf6 64. Nd5+ Kg7 65. Kf4 Nc6 66. f6+ Kg6 67. Ne7+ Kxf6 68. Nxc6 Kxe6 69. Kg3 Kf6 70. Kh4 Kg6 71. Nd4 Kf6 72. Kh5 Kg7 73. Nf5+ Kh7 74. Nxh6 Kh8 75. Nf5 Kh7 76. Kg5 Kg8 77. Kg6 Kh8 78. g5 Kg8 79. Ne3 Kh8 80. Nc2 Kg8 81. Kf6 Kh7 82. g6+ Kh8 83. g7+ Kg8 84. Nb4 Kh7 85. Kf7 1-0

[Event "Cappelle Online Bullet op"]
[Site "Europe Echecs INT"]
[Date "2021.03.05"]
[Round "4"]
[White "Cahen, Alexis"]
[Black "Lissillour, Baptiste"]
[Result "0-1"]
[WhiteElo "2140"]
[BlackElo "1771"]
[PlyCount "70"]
[EventDate "2021.03.05"]
[EventType "swiss (blitz)"]
[EventRounds "15"]
[EventCountry "FRA"]
[SourceTitle "EXT 2022"]
[Source "ChessBase"]
[SourceDate "2021.10.06"]
[SourceVersion "1"]
[SourceVersionDate "2021.10.06"]
[SourceQuality "1"]

1. d4 Nf6 2. Nf3 e6 3. Bf4 d5 4. e3 Bd6 5. Ne5 0-0 6. Nd2 Nbd7 7. Bd3 c5 8. Nxf7 Rxf7 9. Bxd6 Qb6 10. dxc5 Nxc5 11. Bxc5 Qxc5 12. c3 Bd7 13. Nb3 Qd6 14. 0-0 e5 15. f4 Bc6 16. Bc2 Raf8 17. f5 e4 18. Qd4 Nd7 19. c4 Rxf5 20. cxd5 Rxd5 21. Qxe4 Nf6 22. Qh4 Rh5 23. Qxh5 Nxh5 24. Rxf8+ Qxf8 25. Rf1 Qd6 26. g3 Nxg3 27. Rf2 Ne2+ 28. Rxe2 Qd5 29. Kf2 Qg2+ 30. Ke1 Qg1+ 31. Kd2 Qg5 32. Nd4 Qd5 33. e4 Qxd4+ 34. Ke1 Bb5 35. Rd2 Qg1# 0-1

[Event "Cappelle Online Bullet op"]
[Site "Europe Echecs INT"]
[Date "2021.03.05"]
[Round "7"]
[White "Gandreuil, Brice"]
[Black "Lissillour, Baptiste"]
[Result "0-1"]
[WhiteElo "1488"]
[BlackElo "1771"]
[PlyCount "72"]
[EventDate "2021.03.05"]
[EventType "swiss (blitz)"]
[EventRounds "15"]
[EventCountry "FRA"]
[SourceTitle "EXT 2022"]
[Source "ChessBase"]
[SourceDate "2021.10.06"]
[SourceVersion "1"]
[SourceVersionDate "2021.10.06"]
[SourceQuality "1"]

1. e4 d5 2. exd5 c6 3. Nc3 Nf6 4. dxc6 Nxc6 5. d3 e5 6. Nf3 Bg4 7. Bg5 Be7 8. Be2 0-0 9. Qd2 Rc8 10. 0-0-0 h6 11. Bh4 Qb6 12. Bg3 Nb4 13. a3 Rxc3 14. axb4 Rcc8 15. Nxe5 Bxb4 16. c3 Bxe2 17. Qxe2 Bxc3 18. Nc4 Qa6 19. bxc3 Qa1+ 20. Kc2 Qa2+ 21. Kc1 Qxe2 22. Rhe1 Qa2 23. Rd2 Qa1+ 24. Kc2 Qxe1 25. f3 Qa1 26. Bd6 b5 27. Nb2 Rfd8 28. Bb4 Qa2 29. Kc1 Nd5 30. Ba5 Nxc3 31. Bxc3 Rxc3+ 32. Kd1 Qb1+ 33. Ke2 Rc2 34. Nc4 Rxd2+ 35. Nxd2 Qxd3+ 36. Kd1 Qxd2# 0-1

[Event "Cappelle Online Bullet op"]
[Site "Europe Echecs INT"]
[Date "2021.03.05"]
[Round "2"]
[White "Nikolovski, Nikola"]
[Black "Lissillour, Baptiste"]
[Result "1-0"]
[WhiteElo "2454"]
[BlackElo "1771"]
[PlyCount "121"]
[EventDate "2021.03.05"]
[EventType "swiss (blitz)"]
[EventRounds "15"]
[EventCountry "FRA"]
[SourceTitle "EXT 2022"]
[Source "ChessBase"]
[SourceDate "2021.10.06"]
[SourceVersion "1"]
[SourceVersionDate "2021.10.06"]
[SourceQuality "1"]

1. e4 e5 2. Nf3 Nc6 3. Bc4 Nf6 4. d3 Bc5 5. 0-0 0-0 6. c3 d6 7. b4 Bb6 8. a4 a6 9. h3 Ne7 10. Bg5 Ng6 11. Nh4 Be6 12. Nd2 Qd7 13. Nxg6 hxg6 14. Qf3 Nh7 15. Be3 f5 16. Bxb6 cxb6 17. Qg3 Kf7 18. Bxe6+ Qxe6 19. Rfe1 f4 20. Qf3 Ng5 21. Qd1 Rh8 22. Qg4 Qxg4 23. hxg4 Rh4 24. f3 Rah8 25. Kf2 Rh2 26. Nf1 Nh3+ 27. Ke2 Rxg2+ 28. Kd1 Nf2+ 29. Kd2 Nxe4+ 30. Kd1 Nxc3+ 31. Kc1 Ne2+ 32. Rxe2 Rxe2 33. Nd2 Rc8+ 34. Kd1 Rxd2+ 35. Kxd2 Rc6 36. b5 axb5 37. axb5 Rc5 38. Ra7 Ke6 39. Rxb7 Rxb5 40. Rb8 Rb2+ 41. Kc3 b5 42. Re8+ Kd5 43. Rb8 Rb3+ 44. Kxb3 Kd4 45. Kc2 Ke3 46. Rxb5 Kf2 47. Rd5 Kg3 48. Rxd6 Kf2 49. Re6 Kg3 50. Rxe5 Kf2 51. Re4 Kg3 52. d4 Kxf3 53. d5 Kg3 54. d6 Kf3 55. d7 Kg3 56. d8Q f3 57. Qd3 Kg2 58. Re3 Kg1 59. Rxf3 Kh2 60. Qe2+ Kh1 61. Rf1# 1-0

[Event "Europe Echecs Blitz Nov op"]
[Site "Europe Echecs INT"]
[Date "2020.11.08"]
[Round "7"]
[White "Lissillour, Baptiste"]
[Black "Kirk, Ezra"]
[Result "0-1"]
[WhiteElo "1771"]
[BlackElo "2447"]
[PlyCount "134"]
[EventDate "2020.11.08"]
[EventType "swiss (blitz)"]
[EventRounds "11"]
[EventCountry "FRA"]
[SourceTitle "CBM 199 Extra"]
[Source "ChessBase"]
[SourceDate "2021.01.31"]
[SourceVersion "1"]
[SourceVersionDate "2021.01.31"]
[SourceQuality "1"]

1. e4 e6 2. d4 d5 3. e5 c5 4. c3 Nc6 5. Nf3 Bd7 6. Bd3 Rc8 7. 0-0 cxd4 8. cxd4 Nb4 9. Nc3 Nxd3 10. Qxd3 Ne7 11. Bd2 Nf5 12. Rac1 Be7 13. Ne2 0-0 14. Rxc8 Qxc8 15. Rc1 Qd8 16. Ng3 Nxg3 17. hxg3 Qb6 18. b3 Bb5 19. Qc3 Ba3 20. Rc2 Qa6 21. Qa5 h6 22. Qxa6 Bxa6 23. Bc1 Be7 24. a3 Re8 25. Rc7 Bd8 26. Rc8 Kf8 27. a4 Ke7 28. Ba3+ Kd7 29. Rc3 Bb6 30. b4 Be2 31. Bb2 a6 32. a5 Ba7 33. Rc2 Bd3 34. Rc3 Bc4 35. Rc1 Rb8 36. Nd2 Bb5 37. Nb3 b6 38. axb6 Rxb6 39. Nc5+ Kd8 40. Bc3 Bc4 41. Ra1 Ke7 42. Ra5 f6 43. Na4 Rc6 44. Nc5 fxe5 45. dxe5 Bb5 46. Bd4 Bb6 47. Ra1 a5 48. Nb3 axb4 49. Bxb6 Rxb6 50. Ra7+ Kf8 51. Nd4 Be8 52. Ra1 b3 53. Rb1 b2 54. f4 Bg6 55. f5 exf5 56. e6 f4 57. Rf1 b1Q 58. Rxb1 Rxb1+ 59. Kh2 fxg3+ 60. Kxg3 Ke7 61. Kf4 Be4 62. g3 Kf6 63. g4 g5+ 64. Ke3 Rb4 65. e7 Bg6 66. Nc6 Re4+ 67. Kd3 Rc4+ 0-1

[Event "FRA-ch Blitz Online Qual"]
[Site "Europe Echecs INT"]
[Date "2020.05.16"]
[Round "1"]
[White "Lissillour, Baptiste"]
[Black "Suarez Uriel, Adrian"]
[Result "0-1"]
[WhiteElo "1731"]
[BlackElo "2340"]
[PlyCount "116"]
[EventDate "2020.05.16"]
[EventType "swiss (blitz)"]
[EventRounds "15"]
[EventCountry "FRA"]
[SourceTitle "CBM 196 Extra"]
[Source "ChessBase"]
[SourceDate "2020.07.31"]
[SourceVersion "1"]
[SourceVersionDate "2020.07.31"]
[SourceQuality "1"]

1. d4 Nf6 2. Nf3 g6 3. c4 Bg7 4. Nc3 d5 5. cxd5 Nxd5 6. e4 Nxc3 7. bxc3 c5 8. Be3 Qa5 9. Qd2 0-0 10. Rc1 Rd8 11. Be2 Nc6 12. d5 e6 13. 0-0 exd5 14. exd5 b6 15. c4 Qxd2 16. Bxd2 Nd4 17. Nxd4 Bxd4 18. Bc3 Bxc3 19. Rxc3 Bf5 20. Bd3 Bd7 21. f4 Re8 22. Kf2 Re7 23. Re1 Kf8 24. Rc2 Rxe1 25. Kxe1 Re8+ 26. Re2 Rxe2+ 27. Kxe2 Ke7 28. g3 Kd6 29. Ke3 a6 30. a3 b5 31. h4 h6 32. Be2 f6 33. Bd3 g5 34. fxg5 fxg5 35. hxg5 hxg5 36. Be2 Ke5 37. Bd3 bxc4 38. Bxc4 Bb5 39. Bb3 c4 40. Bc2 Kxd5 41. a4 Bd7 42. a5 Kc5 43. Bg6 Kb4 44. Kd4 c3 45. Bc2 Be8 46. Be4 Kb3 47. Bd5+ Kb2 48. Be4 c2 49. Bxc2 Kxc2 50. Ke5 Kc3 51. Kf6 Kb4 52. Kxg5 Kxa5 53. Kf4 Kb4 54. Ke3 Kb3 55. Kd2 a5 56. g4 Bg6 57. g5 a4 58. Kc1 a3 0-1

[Event "FRA-ch Blitz Online Qual"]
[Site "Europe Echecs INT"]
[Date "2020.05.16"]
[Round "10"]
[White "Pottier, Simeon"]
[Black "Lissillour, Baptiste"]
[Result "0-1"]
[WhiteElo "2186"]
[BlackElo "1731"]
[PlyCount "94"]
[EventDate "2020.05.16"]
[EventType "swiss (blitz)"]
[EventRounds "15"]
[EventCountry "FRA"]
[SourceTitle "CBM 196 Extra"]
[Source "ChessBase"]
[SourceDate "2020.07.31"]
[SourceVersion "1"]
[SourceVersionDate "2020.07.31"]
[SourceQuality "1"]

1. d4 Nf6 2. c4 g6 3. Nc3 Bg7 4. e4 d6 5. h3 0-0 6. Be3 e5 7. d5 a5 8. g4 Na6 9. Nge2 Nd7 10. Ng3 Bf6 11. Qd2 Nac5 12. g5 Bg7 13. h4 f5 14. gxf6 Nxf6 15. Be2 b6 16. 0-0-0 Ng4 17. Bg5 Bf6 18. Rdf1 Bxg5 19. hxg5 Nxf2 20. Rh4 Nh3 21. Rxf8+ Qxf8 22. Bf1 Nf4 23. Qh2 Qf7 24. Nge2 Nfd3+ 25. Kb1 Qxf1+ 26. Kc2 Qf7 27. Nb5 Bd7 28. Nxc7 Ba4+ 29. b3 Qxc7 30. bxa4 Nb4+ 31. Kc3 Nxa4+ 32. Kb3 Nc5+ 33. Kc3 Qf7 34. Rh3 Nxe4+ 35. Kb2 Nc5 36. Qg2 Ncd3+ 37. Kc3 Nf4 38. Nxf4 Qxf4 39. Rf3 Qd4+ 40. Kb3 Rf8 41. Qh3 Rxf3+ 42. Qxf3 Qd3+ 43. Qxd3 Nxd3 44. c5 Nxc5+ 45. Kc4 e4 46. Kb5 e3 47. Kc4 e2 0-1